| 000 | 00398nam a2200145Ia 4500 | ||
|---|---|---|---|
| 008 | 231129s1992||||xx |||||||||||||| ||spa|| | ||
| 020 | _a958-616-013-0 | ||
| 040 | _bspa | ||
| 082 | _a342 V648 | ||
| 100 | _aVidal Perdomo Jaime | ||
| 245 | 0 | _aDerecho constitucional general | |
| 260 | _c1992 | ||
| 264 | _aUniversidad Externado de Colombia | ||
| 942 |
_2ddc _cBKS |
||
| 999 |
_c8970 _d8970 |
||